[Event "Kavala op 24th"]
[Site "Kavala"]
[Date "2015.08.08"]
[Round "6"]
[White "Postny, Evgeny"]
[Black "Borovikov, Vladislav"]
[Result "1-0"]
[WhiteElo "2648"]
[BlackElo "2568"]
[Annotator "Postny,E"]
[PlyCount "105"]
[EventDate "2015.08.04"]
[EventType "swiss"]
[EventRounds "9"]
[EventCountry "GRE"]
[SourceTitle "CBM 168"]
[Source "ChessBase"]
[SourceDate "2015.09.14"]
[SourceVersion "1"]
[SourceVersionDate "2015.09.14"]
[SourceQuality "1"]

{One of the key games from round six, when both of us had 4 points. Five years
ago I lost an important game to Vladislav in another open tournament in Greece,
so I was eager to do my best for revenge.} 1. d4 d5 2. c4 c6 3. Nf3 Nf6 4. g3 {
In this game I decided to give a try to the somewhat unusual setup against the
Slav.} dxc4 5. Bg2 g6 {Since Black hasn't played e7-e6 yet, this way of
development is perfectly playable.} (5... b5 {is a different story where Black
holds his extra pawn, but White gets long-term compensation. Here is one
recent example:} 6. Ne5 Bb7 7. O-O e6 8. b3 cxb3 9. axb3 Be7 10. Nc3 a6 11. Bg5
O-O 12. Qd2 h6 13. Bxf6 Bxf6 14. Rfd1 $44 {[%cal Gc3e4] 1/2-1/2 (40) Lysyj,I 
(2662)-Shirov,A (2702) Kishinev 2014}) 6. O-O Bg7 7. a4 O-O 8. Na3 {Here White
gets back the pawn without difficulties.} Na6 (8... Nbd7 9. Nxc4 Nb6 10. Nce5
a5 11. b3 Bf5 12. Ba3 Nfd7 13. Nc4 Re8 14. Rc1 Nxc4 15. bxc4 Be4 16. e3 e5 17.
dxe5 Bxf3 18. Bxf3 Nxe5 19. Be2 $14 {1-0 (55) Shimanov,A (2606)-Malakhov,V 
(2702) St Petersburg 2015}) ({A principled line is:} 8... Be6 9. Ng5 Bd5 10. e4
h6 {This is a rather standard exchange; a similar idea appears also in one of
the Grünfeld lines (D92).} 11. exd5 hxg5 12. dxc6 Nxc6 13. Nxc4 (13. Bxg5 Qxd4
14. Bxc6 Qxd1 15. Raxd1 bxc6 {1/2-1/2 (15) Adianto,U (2605)-Tkachiev,V (2620)
Jakarta 1996}) 13... Nxd4 (13... Qxd4 14. Qb3 $14) 14. Bxg5 Rc8 15. b3 (15. Rc1
$14) 15... Nd7 16. Re1 $6 Ne6 $15 {0-1 (34) Avrukh,B (2576)-Nabaty,T (2579)
Beer Sheva 2013}) 9. Nxc4 Be6 10. b3 {I believe that White should be slightly
better now. The b4 spot doesn't give Black much, as White's bishop can control
it from a3.} c5 (10... Bd5 11. Ba3 Rc8 12. Rc1 c5 13. e3 $6 (13. Ne3 $1 {
could pose a serious problem for Black: either to give up the bishop, or to
sacrifice the Pc5 (after 13...Bc6).}) 13... Re8 14. Qe2 cxd4 15. Nxd4 Bxg2 16.
Kxg2 Qd5+ 17. Kg1 Nc5 18. Rfd1 b6 $11 {0-1 (32) Krasenkow,M (2545)-Shirov,A 
(2500) Paris 1990}) 11. Ba3 (11. Ng5 Bc8 (11... Bxc4 12. bxc4 h6 13. Nh3 $14 {
[%csl Rb7]}) 12. Bb2 h6 13. Nh3 Bf5 14. Nf4 $14 {1/2-1/2 (50) Burmakin,V (2508)
-Moser,E (2361) Graz 2005}) 11... Rc8 12. Rc1 b6 $6 {My opponent spent a lot
of time at this stage of the game. It's not easy to handle this position as
Black.} (12... Ne4 {seems preferable.} 13. Nfd2 $1 Nxd2 14. Qxd2 {[%csl Rb7]}
Bxc4 (14... Qd7 15. d5 $14) 15. Rxc4 cxd4 16. Qc2 $1 Qd7 17. Rc1 Rxc4 18. Qxc4
Rb8 19. Qb5 Qd8 20. Bxb7 Nc7 21. Qc6 Ne6 $14) (12... Bd5 {would transpose to
the above-mentioned game Krasenkow-Shirov.}) 13. e3 $2 $146 {I was already
playing on my own, so, it's not a home-prepared novelty, especially taking
into account that it throws away most, if not all, of my advantage. The right
move 13.Ng5 has already been played before. I considered it, but for some
reason thought there is no rush.} (13. Ng5 Bd5 (13... Bxc4 14. Rxc4 $16) 14. e4
Ba8 (14... Bb7 15. d5 h6 16. Nh3 $16) 15. d5 h6 16. Nh3 $16 {1-0 (41) Bednar,M
(2272)-Michalicka,M (2172) Slovakia 2011}) 13... Bd5 {Now Black can also fight
for the important diagonal h1-a8.} 14. Qe2 Qc7 15. Nfe5 $1 {I have to play
this before Black sets his queen on b7 and ties down my knight.} Bxg2 16. Kxg2
Qb7+ 17. Qf3 Qxf3+ $6 (17... Ne4 $1 18. Nd2 f5 19. Nxe4 Qxe4 20. Qxe4 fxe4 {
It's unlikely that a human player would voluntarily ruin his structure like
that. Nevertheless, Black equalises here.} 21. Nc4 cxd4 22. Bxe7 Rfe8 23. Ba3
dxe3 $11) 18. Kxf3 Rfe8 (18... Rfd8 19. dxc5 Nxc5 20. Bxc5 Rxc5 21. b4 Rc7 22.
Na3 $1 {is annoying for Black.} (22. Nxf7 $4 Rdc8 $1 23. Nfe5 Nd5 {and White
loses material.})) 19. Rfd1 cxd4 20. Rxd4 h5 $1 {This is the most useful move
that Black can come up with.} 21. h3 {Covering the g4-square.} Nc5 22. Bxc5
Rxc5 23. b4 (23. Rcd1 {was an option, of course, but I wanted to push my pawn
to b5, to secure the c6 stronghold as soon as possible.}) 23... Rcc8 (23... Rc7
{seems more accurate. Still, White keeps pressing after} 24. Rcd1 Nh7 25. Rd7)
24. b5 $6 {Half a second after I made the move, I noticed that the black
knight might not necessarily retreat to h7, but luckily my opponent missed it.}
(24. Rdd1 $1 Rc7 25. b5 {[%cal Ge5c6] was the right order of moves.}) 24... Nh7
$6 (24... Ng4 $1 {could exchange Black's passive knight for White's active one.
} 25. hxg4 Bxe5 26. Rd7 hxg4+ 27. Kxg4 Bb8 {Black is seemingly passive, but
the knight can't go to e5, so I don't see how to make any progress.}) 25. Rdd1
$1 Ng5+ 26. Kg2 Bxe5 {Trying to simplify the position as much as possible.} ({
The position would remain unpleasant for Black also after} 26... Ne4 27. Nc6
Rc7 28. Rd3 Nc5 29. Ra3 $1 {The most efficient way to protect the Pa4.}) 27.
Nxe5 Rxc1 {This exchange wasn't necessary, but from a human point of view it
should be easier to defend when less pieces are on the board.} (27... Ne4 28.
Nc6 Rc7 $14) 28. Rxc1 Ne6 29. Nc6 Nc5 30. Rc4 (30. Nxa7 Nxa4 31. Nc8 $1 {
I didn't see this idea during the game.} Kg7 32. Rc6 $16) 30... Kf8 31. a5 $2 {
Believe it or not, this move spoils all of White's advantage!} (31. Nxa7 Ra8
32. Nc6 Nxa4 (32... Rxa4 $4 33. Rxc5 $1 bxc5 34. b6 $18) 33. Ne5 Nc5 $6 (33...
Kg7 34. Rc7 Kf6 35. Nc6 Re8 {with reasonable chances to hold.}) 34. Rf4 $16 ({
But not} 34. Rxc5 $2 bxc5 35. b6 Ke8 36. Nc6 Kd7 37. b7 Re8 38. b8=Q Rxb8 39.
Nxb8+ Kc7 40. Na6+ Kb6 $11)) 31... Nb7 $1 32. a6 Na5 {The point. Black swaps
knights and the other factors appear to be insignificant.} (32... Nd6 $2 33.
Rb4 Ra8 34. e4 f6 35. f4 $16) 33. Nxa5 (33. Rd4 Nxc6 34. bxc6 Rc8 35. Rd7 Rxc6
36. Rxa7 b5 $11) 33... bxa5 34. Ra4 (34. Rc7 $6 Ra8 {my king can't catch the
a-pawn, so the rook will have to go back.}) 34... Rb8 $6 {This is not the
easiest path to a draw.} (34... Rc8 35. Rxa5 Rc5 {White can't kick the black
rook away from the fifth rank, so it's just a draw.} 36. Kf3 Ke8 37. Ke4 Kd7
38. Kd4 Kd6 $11) 35. Rxa5 Ke8 36. Kf3 Kd7 37. Kf4 Kc7 $2 {A hasty move in time
trouble, allowing my king to invade on the kingside.} (37... f6 $1 {was
necessary, which was still sufficient for a draw.} 38. Ke4 {[%cal Ge4d5]} e6 {
Black pawns create a barrier against the white king.} 39. g4 (39. Kd4 Kc7 40.
Kc5 Rd8 $11) 39... Kd6 $1 {The most accurate.} ({In the event of} 39... hxg4
40. hxg4 Kd6 41. Kd4 Kc7 42. g5 $1 fxg5 43. Ke5 {White keeps winning chances.})
40. f4 (40. gxh5 gxh5 41. h4 Kc5 42. b6+ Kxb6 43. Rxh5 Kxa6 44. Rh6 Kb5 45.
Rxf6 a5 {[%csl Ga5] with sufficient counterplay.}) (40. Kd4 Kc7 41. g5 fxg5 42.
Ke5 Rf8 43. Ra2 Rf3 $11 {[%csl Rh3]}) 40... hxg4 41. hxg4 f5+ 42. gxf5 exf5+
43. Kd4 Re8 44. b6 axb6 45. Ra1 Kc7 46. Rc1+ Kb8 47. Rc6 Ka7 48. Rxg6 Kxa6 49.
Rf6 Rd8+ 50. Kc3 Re8 51. Kd3 Rd8+ 52. Ke2 Rd5 $11) 38. Kg5 $18 {[%csl Gg5]
[%cal Gg5h6,Gh6g7]} Rd8 {[%cal Gd8d2]} (38... Rb6 39. Kh6 Rf6 40. Ra2 Kb6 41.
Rb2 $18 {[%cal Gh6g7]}) (38... Rh8 39. Ra2 Kb6 40. Rb2 $18 {No chance for
Black to hold with such a passive rook.}) 39. Ra2 Kb6 40. Kh6 Rd5 (40... e6 41.
Kg7 Rd7 42. Rb2 $18) 41. Kg7 {[%csl Gg7] The king is a strong piece in the
endgame!} Rf5 42. f4 Kxb5 43. e4 Rf6 44. Kf8 h4 (44... Rxa6 45. Rxa6 Kxa6 46.
Kxe7 Kb7 47. Kxf7 a5 48. e5 a4 49. e6 a3 50. e7 a2 51. e8=Q a1=Q {leads to an
easily winning queen endgame for White.}) (44... e5 45. Ke7 Rc6 46. Kxf7 exf4
47. gxf4 $18 {[%cal Ge4e5,Ge5e6,Ge6e7,Ge7e8]}) 45. Kxe7 Re6+ 46. Kxf7 Rxe4 47.
Kxg6 hxg3 48. f5 {This pawn decides the outcome. The rest is easy.} Rh4 49. f6
Rxh3 50. f7 Rh2 51. Ra3 Rf2 52. Rxg3 Kxa6 53. Rg5 1-0

[Event "FIDE World Cup"]
[Site "Baku"]
[Date "2015.09.13"]
[Round "1.3"]
[White "Onischuk, Alexander"]
[Black "Volokitin, Andrei"]
[Result "1-0"]
[WhiteElo "2662"]
[BlackElo "2639"]
[Annotator "Ramirez Alvarez,A"]
[PlyCount "115"]
[EventDate "2015.09.11"]
[EventType "k.o."]
[EventRounds "7"]
[EventCountry "AZE"]
[SourceTitle "CBM 169"]
[Source "ChessBase"]
[SourceDate "2015.11.10"]
[SourceVersion "1"]
[SourceVersionDate "2015.11.10"]
[SourceQuality "1"]

1. d4 Nf6 2. c4 g6 3. Nf3 Bg7 4. g3 c6 5. Bg2 d5 6. cxd5 cxd5 7. Nc3 Ne4 8.
Qa4+ Nc6 9. Ne5 Nxc3 10. bxc3 Bd7 11. Nxd7 Qxd7 12. Rb1 Rd8 13. Qb5 b6 14. e3 {
Everything has gone right for White in this opening. He has the pair of
bishops, is threatening c4, and Black's only resource drops the d5 pawn.} Na5 (
14... O-O 15. c4 Na5 16. Qxd7 Rxd7 17. cxd5 $16) 15. Bxd5 $1 Qxb5 16. Rxb5 a6
17. Rxa5 $1 {White "sacrifices" the exchange, but his compensation is huge:
Black will not be able to castle, White has practically two pawns for the
exchange, and his pair of bishops will dominate.} bxa5 18. Bc6+ Kf8 19. Kd2 Rc8
20. Bb7 Rb8 21. Bxa6 h5 22. h4 e5 23. a4 exd4 24. exd4 Bh6+ 25. f4 $1 Kg7 26.
Bb5 Rhd8 27. Kd3 Kg8 28. c4 {Black's rooks are completely dominated. This is
basically over.} Bf8 29. Bd2 Bc5 30. d5 Ra8 31. Be3 Bb4 32. Bb6 Rdb8 33. Bd4
Rd8 34. Rb1 Rac8 35. Bc3 $4 {What a blunder! To do such a thing at the World
Cup... but the game is not over!} (35. Rxb4 axb4 36. Bf6 $18 {is a computer
solution.}) (35. Rb2 $18 {seems human to me, to follow up with Rc2.}) 35...
Bxc3 36. Kxc3 Rxd5 {Now White is down the exchange. He still has a pawn, but
winning chances are gone... or so one would think.} 37. Ba6 Rc7 38. Rb5 Rdc5 (
38... Rd1 39. Rxa5 Rc1+ {should be a drawn endgame.}) 39. Rxc5 Rxc5 40. Kd4 Rc7
41. c5 Kf8 42. Kd5 Ke7 {White is very active, and should not be in danger, but
Black is up the exchange after all.} 43. c6 Kd8 44. Kd6 Re7 (44... f5 $1 $11 {
was important to give the rook more room} 45. Bc4 Ra7 46. Be6 Rc7 47. Bd7 Ra7 {
and the bishop cannot attack the pawns.}) 45. Bc4 Rc7 (45... f5 $1) 46. f5 $1 {
Now White is the one winning!} gxf5 47. Bd3 f4 48. gxf4 Re7 49. Bf5 Rc7 50. Bd7
$1 (50. Be4 $1 {was also good.}) 50... Ra7 51. f5 $1 Rc7 52. Kc5 Ke7 53. f6+ $1
Kd8 54. Kb6 Rxd7 55. cxd7 Kxd7 56. Kxa5 {The pawn endgame is easily winning.}
Kc6 57. Kb4 Kb6 58. a5+ 1-0

[Event "RUS-ch"]
[Site "Elista"]
[Date "1995.??.??"]
[Round "8"]
[White "Rustemov, Alexander"]
[Black "Dolmatov, Sergey"]
[Result "1-0"]
[WhiteElo "2475"]
[BlackElo "2605"]
[Annotator "Rustemov,A"]
[PlyCount "81"]
[EventDate "1995.10.??"]
[EventType "swiss"]
[EventRounds "11"]
[EventCountry "RUS"]
[SourceTitle "CBM 050"]
[Source "ChessBase"]
[SourceDate "1996.02.01"]
[SourceVersion "1"]
[SourceVersionDate "1996.02.01"]
[SourceQuality "1"]

1. d4 Nf6 2. c4 g6 3. g3 c6 4. Nf3 Bg7 5. Bg2 d5 6. b3 O-O 7. Bb2 Be6 $5 (7...
Bf5 $5) 8. Nbd2 a5 9. O-O Nbd7 $5 (9... a4 10. bxa4 Qa5 11. cxd5 cxd5 12. Ne5
Nbd7 13. Nxd7 Bxd7 14. Nb3 Qxa4 15. Nc5 Qxd1 16. Rfxd1 {Polugaevsky,L-Kasparov,
G/ITA/1991/0,5/16/}) 10. h3 h6 11. Re1 (11. e3 $5 a4 12. Bc3 $14) 11... a4 12.
e4 dxe4 13. Nxe4 Nxe4 (13... axb3 14. axb3 Rxa1 15. Qxa1 Bf5 16. Ned2 $14) 14.
Rxe4 axb3 (14... Bf5 $5 15. Re3 $14) (14... b5 $5) 15. axb3 Rxa1 16. Qxa1 b5 $2
(16... Bf5 $5 17. Re3 g5 $5 {/\e6,Bg6/}) 17. Qe1 $1 bxc4 (17... Nc5 $5 18. dxc5
(18. Re3 bxc4 19. bxc4 Bxc4 $1 (19... Na4 20. Ba3 $16) 20. Qb4 Nd3 21. Qxc4
Nxb2 22. Qb4 Qb8 23. Qxe7 $14) 18... Bxb2 19. cxb5 cxb5 20. b4 $14) 18. Rxe6 $1
fxe6 19. Qxe6+ Kh7 20. Nh4 Rf6 21. Qxc4 Qb6 (21... Qa5 $5) 22. Be4 Nf8 23. Nf3
Re6 24. Bd3 (24. Qc2 Rxe4 $1 $10) 24... Qa5 25. Kg2 Rd6 (25... c5 $2 26. Bc3
$18) 26. Be4 Qb5 27. Qc2 Re6 28. Bd3 Qa5 29. Bc1 $1 Rf6 30. Be3 Nd7 31. h4 Qh5
(31... e5 $2 32. Bxg6+ $1 $18) 32. Be4 e5 $5 (32... Qb5 33. g4 $40) 33. Bxc6
exd4 34. Bxd4 Rf8 35. Bxg7 Kxg7 36. Qc3+ Nf6 37. b4 Kh7 (37... Qf5 38. b5 $16)
38. Qe3 Qf5 (38... Rf7 39. Qe6 Kg7 (39... g5 40. hxg5 hxg5 41. Qxf7+ $18) 40.
Ne5 Ra7 41. Bd7 $1 $18) 39. Qe7+ Kg8 40. Ne5 $18 Qc8 41. Bb5 $1 1-0

[Event "Barcelona 20th"]
[Site "Barcelona"]
[Date "2015.11.08"]
[Round "5"]
[White "Bachmann, Axel"]
[Black "Morozevich, Alexander"]
[Result "1-0"]
[WhiteElo "2601"]
[BlackElo "2695"]
[Annotator "Schulz,Andre"]
[PlyCount "67"]
[EventDate "2015.11.04"]
[EventType "tourn"]
[EventRounds "5"]
[EventCountry "ESP"]
[EventCategory "14"]
[SourceTitle "CBM 170"]
[Source "ChessBase"]
[SourceDate "2016.01.15"]
[SourceVersion "1"]
[SourceVersionDate "2016.01.15"]
[SourceQuality "1"]

1. Nf3 d5 2. g3 g6 3. Bg2 Bg7 4. d4 Nf6 5. O-O c6 6. c4 dxc4 ({Üblich ist} 
6... O-O 7. cxd5 cxd5) 7. a4 Ne4 8. Qc2 Nd6 9. Na3 {Das ist hier ein neuer Zug.
} (9. e4 {wurde ein paar Mal gespielt.}) 9... Bf5 10. Qc3 O-O 11. Nxc4 Re8 $6 {
Ein etwas mysteriöser Turmzug. Später fehlt der Turm bei der Deckung von f7.}
12. Rd1 Na6 13. b3 Be4 14. Ba3 Rc8 (14... Nxc4 15. Qxc4 (15. bxc4 c5 $11) 15...
Qd5 $11 {war ein Weg zum Ausgleich.}) 15. Rac1 c5 16. Nfe5 Bxg2 17. Kxg2 Qc7 {
[#]} 18. Qf3 {Hier wäre ein Turm auf f8 willkommen gewesen. Es droht nun nun
nicht nur auf f7, sondern auch Öffnung der c-Linie mit Problemen durch die
Gegenüberstellung von Tc1 und Dc7.} Nf5 19. e4 Nh6 20. g4 f6 21. Nd3 {[#]} f5
$6 {Auf der Suche nach Gegenspiel und Verwicklungen. Schwarz löst mit dem Zug
seine Probleme auf der c-Linie, handelt sich aber neue Schwächen ein.} ({Nach
} 21... b6 22. dxc5 bxc5 $16 {hat Schwarz eine sehr passive Stellung.}) 22.
gxf5 Bxd4 23. Nf4 ({Sehr stark war auch} 23. fxg6 hxg6 24. Kh1 {gefolgt von} Z0
25. Rg1) 23... e5 24. Nd5 {Ein Traumspringer. Man vergleiche das weiße
Springerpaar (c4 und d5) mit dem schwarzen (a6 und h6).} Qd8 25. fxg6 Rc6 26.
Kh1 Rxg6 27. Rg1 Kg7 28. Rxg6+ hxg6 29. Rg1 Nc7 $2 {Übersieht offenbar die
hässliche weiße Drohung. [#]} ({Zäher war} 29... Qh4) 30. Bc1 Nxd5 (30...
Kh7 31. Qh3 $18) 31. Qh5 Nf7 32. Qxg6+ Kf8 33. Qg7+ Ke7 34. Bg5+ 1-0

[Event "Moscow Aeroflot op-A"]
[Site "Moscow"]
[Date "2020.02.19"]
[Round "1"]
[White "Stupak, Kirill"]
[Black "Sunilduth Lyna, Narayanan"]
[Result "1/2-1/2"]
[WhiteElo "2518"]
[BlackElo "2637"]
[Annotator "Sunilduth Lyna,Narayanan "]
[PlyCount "43"]
[EventDate "2020.02.19"]
[EventType "swiss"]
[EventRounds "9"]
[EventCountry "RUS"]
[SourceTitle "CBM 195 Extra"]
[Source "ChessBase"]
[SourceDate "2020.05.31"]
[SourceVersion "1"]
[SourceVersionDate "2020.05.31"]
[SourceQuality "1"]
[TimeControl "40/6000+30:20/3000+30:900+30"]

{[%evp 0,43,27,27,35,32,43,9,14,12,4,4,16,-4,6,-11,19,1,2,-37,-21,-38,5,-20,
-31,-53,-53,-22,23,-63,37,37,83,37,47,47,47,47,18,0,0,0,0,0,0,0]} {This game
was played in the very first round of the traditional Aeroflot Open Chess
Tournament. I was facing the strong grandmaster Kirill Stupak from Belurus.
Let's go!} 1. d4 {[%emt 0:04:55]} Nf6 {[%emt 0:00:00]} 2. Nf3 {[%emt 0:00:10]}
g6 {[%emt 0:00:01]} 3. g3 {[%emt 0:00:09]} Bg7 {[%emt 0:04:18]} 4. Bg2 {
[%emt 0:00:07]} d5 {[%emt 0:00:06]} 5. O-O {[%emt 0:00:44]} c6 {[%emt 0:00:15]}
6. c4 {[%emt 0:00:08]} dxc4 $5 {[%emt 0:00:47] A practical attempt to disturb
the equilibrium. In this position Black usually goes 6...0-0 and is rock solid
as the statistics prove.} 7. a4 {[%emt 0:02:39]} Ne4 {[%emt 0:00:12] The point
of my 6th move. Otherwise it makes no sense to just give the centre like that.
But in this case I try to hang on to the pawn on c4.} 8. Qc2 {[%emt 0:13:29]} (
8. Na3 $5 {is the other critical move.}) 8... Nd6 {[%emt 0:00:18]} 9. Ne5 $6 {
[%emt 0:03:14] This is an illogical continuation - moving the same piece
again!? It would have been better to attack the pawn with the other knight
which now looks a bit idle.} (9. Na3 Bf5 10. Qc3 O-O 11. Nxc4 a5 {and the
position should be around equal but still there is a long game ahead.}) 9...
O-O {[%emt 0:15:46]} 10. Rd1 {[%emt 0:11:13]} a5 $6 {[%emt 0:05:21] At first
it doesn't seem obvious that this move is an innacuracy, but the point is that
if Black had started with ....Na6, then White would not get time to safeguard
the queen on a stable position!} ({Already it was time to act against the
misplaced white pieces:} 10... Na6 $1 {[%csl Rb1,Rc2]} 11. Na3 (11. e3 Be6 12.
Na3 Nb4 13. Qe2 Qa5 {Black again saves the tempo of a5!?}) 11... Nb4 12. Qc3 a5
13. Naxc4 Nxc4 14. Nxc4 Bg4 $1 15. Rd2 Qc7 $15 {and White has a lot of
problems to solve especially with the issue of the queen's position.}) 11. Na3
{[%emt 0:05:22]} Na6 {[%emt 0:03:36]} 12. Bd2 {[%emt 0:03:29]} (12. e3 $1 Nb4
13. Qe2 {and compared to the line with 10...Na6, here the black knight landed
a tempo late on b4!}) 12... Be6 {[%emt 0:20:08]} 13. e3 {[%emt 0:03:48]} (13.
Be1 {Stupak} Nb4 14. Bxb4 axb4 15. Naxc4 Qc7) 13... c5 $1 {[%emt 0:05:46]
Already now I had to play this move, else I would have landed in a
positionally unsound position.} 14. Nexc4 {[%emt 0:12:21]} Nxc4 $5 {[%emt 0:12:
06] Well, an interesting practical decision. My point was that here I thought
I had more chances of my opponent making a mistake, but the truth is not
always pleasant.} ({Objectively,} 14... Nb4 $1 15. Bxb4 $8 axb4 $142 $1 {
would have been much simpler and stronger.} (15... cxb4 {This was my main
focus of analysis:} 16. Nxd6 exd6 17. Nb5 Rc8 18. Qd2 (18. Qe4 d5 (18... Bb3
19. Rdc1 d5 20. Qd3 Bc4 21. Qd1 Qd7 22. b3 Bxb5 23. axb5 $14) 19. Qd3 Qd7)
18... d5 {and the position should be equal.}) 16. Nxd6 exd6 17. Nb5 Qe7 $15 {
and Black should be better thanks to his two bishops.}) 15. Nxc4 {[%emt 0:00:
03]} cxd4 {[%emt 0:00:40]} 16. Bxa5 {[%emt 0:11:55]} Qc8 {[%emt 0:00:07]} 17.
Rac1 {[%emt 0:02:24]} dxe3 {[%emt 0:02:22]} 18. fxe3 {[%emt 0:08:26]} Qc5 $1 {
[%emt 0:09:37] Activating the queen and creating some counterplay! There were
some variations which I had to see before playing this move.} 19. Bb6 {[%emt 0:
07:13]} (19. Bxb7 {My main concern while calculating. I had to make sure this
move doesn't go well for him.} Bxc4 20. Bxa8 Qxa5 21. Qxc4 Rxa8 22. Qb5 Qb4 {
Till here all Black's moves were almost forced, and now I was relieved to find
the strong 23...Qg4! after the coming move:} 23. Rc6 {[#]} Qg4 $1 {The only
move.} (23... Qe4 24. Rxa6 Qxe3+ 25. Kg2 Qe4+ 26. Kh3 {and the king is safe
from checks on h3.}) 24. Rd3 (24. Re1 Qb4 25. Rd1 $11) 24... Qb4 25. Rxa6 Qe1+
26. Kg2 Qe2+ 27. Kg1 (27. Kh3 $4 Qf1+ 28. Kh4 (28. Kg4 h5+ 29. Kh4 Qf3 30.
Rxa8+ Kh7 $1 $19) 28... Bf6+ 29. Rxf6 Qxf6+ 30. Kh3 Qf1+ $19) 27... Qe1+ $11) (
19. Qd2 Bxc4 20. b4 Qa7 $1 {was one of the variations I saw.}) 19... Qb4 {
[%emt 0:00:50]} 20. Ba5 {[%emt 0:04:22]} Qc5 {[%emt 0:00:34]} 21. Bb6 {[%emt 0:
02:10]} Qb4 {[%emt 0:02:38]} 22. Ba5 {[%emt 0:02:18] This was a short game,
but still it had its share of thrills especially in the variations which
didn't really occur on the board.} 1/2-1/2